00840cam a22002411 4500001001300000003000400013005001700017008004100034010001700075025002000092035002000112040001700132042001200149050001700161100003000178245008500208260005700293300001800350500014300368504002800511651004200539999001700581sa 67000329 DLC20260227112314.0930210s1962 io b 000 0 ind  asa 67000329  aPL480:Indo-2899 a(OCoLC)27415346 aDLCcCUdDLC apremarc00aHC447b.A7241 aAdisumarta, R. J. Kaptin.10aDeficit Pemerintah padjak-padjak dan pembangunan,coleh R. J. Kaptin Adisumarta. aJogjakarta,bPenerbit Diktat UGM Dwitunggalc[1962?] a30 p.c22 cm. aAt head of title: Kongres Ilmu Pemgetahuan Nasional II, Seksi Hukum, Ekonomi, Sosial dan Politik (Seksi E) Jogjakarta, 21-28 Oktober 1962. aBibliography: p. 21-30. 0aIndonesiaxEconomic conditionsy1945- c71917d71917